కర్ణాటం ఉంది, జాగరత! - Statistics

General Stats
  • This quiz has been taken 28 times
  • The average score is 15 of 27
Answer Stats
Question Tile Select % Correct
కర్ణాటం అక్షరాಲು ఉంటే నొక్కు కನ್ನಡ Yes
86%
కర్ణాటం అక్షరాಲು ఉంటే నొక్కు కన్నಡ Yes
82%
కర్ణాటం అక్షరాಲು ఉంటే నొక్కు పులి No
77%
కర్ణాటం అక్షరాಲು ఉంటే నొక్కు పేరు No
73%
కర్ణాటం అక్షరాಲು ఉంటే నొక్కు పేರು Yes
73%
కర్ణాటం అక్షరాಲು ఉంటే నొక్కు పರಾನು Yes
73%
కర్ణాటం అక్షరాಲು ఉంటే నొక్కు కన్నడ No
68%
కర్ణాటం అక్షరాಲು ఉంటే నొక్కు సింహం No
64%
కర్ణాటం అక్షరాಲು ఉంటే నొక్కు పుಲಿ Yes
59%
కర్ణాటం అక్షరాಲು ఉంటే నొక్కు ಸಿಂహం Yes
59%
కర్ణాటం అక్షరాಲು ఉంటే నొక్కు పರಾసు Yes
59%
కర్ణాటం అక్షరాಲು ఉంటే నొక్కు తెలుగు No
59%
కర్ణాటం అక్షరాಲು ఉంటే నొక్కు తెಲುಗು Yes
59%
కర్ణాటం అక్షరాಲು ఉంటే నొక్కు రిక్షాಲು No
55%
కర్ణాటం అక్షరాಲು ఉంటే నొక్కు పరాసు No
55%
కర్ణాటం అక్షరాಲು ఉంటే నొక్కు ಅರವಂ Yes
55%
కర్ణాటం అక్షరాಲು ఉంటే నొక్కు ಹಿಂದಿ Yes
55%
కర్ణాటం అక్షరాಲು ఉంటే నొక్కు మಲయాಳಂ Yes
45%
కర్ణాటం అక్షరాಲು ఉంటే నొక్కు ರಿక్షాಲು Yes
41%
కర్ణాటం అక్షరాಲು ఉంటే నొక్కు మలయాళం No
41%
కర్ణాటం అక్షరాಲು ఉంటే నొక్కు అరవం No
41%
కర్ణాటం అక్షరాಲು ఉంటే నొక్కు హింದಿ Yes
41%
కర్ణాటం అక్షరాಲು ఉంటే నొక్కు హిందీ No
36%
కర్ణాటం అక్షరాಲು ఉంటే నొక్కు తెಲುగు Yes
32%
కర్ణాటం అక్షరాಲು ఉంటే నొక్కు మಲయాళం Yes
32%
కర్ణాటం అక్షరాಲು ఉంటే నొక్కు ಅరవం Yes
32%
కర్ణాటం అక్షరాಲು ఉంటే నొక్కు ರಿక్షాలు Yes
23%
No matching quizzes found
Score Distribution
Percent of People with Each Score
Percentile by Number Answered
Your Score History
You have not taken this quiz